000 00732nam a2200229Ii 4500
003 JO-AjNU
008 230605s9999||||xx |||||||||||||| ||und||
017 _a2005/7116
020 _a977-04-4740-4
040 _aJO-AjNU
_bara
_erda
_cJO-AjNU
041 _aara
050 1 4 _aK1001.7.Q3482.2010
100 3 _a القليوبي ، سميحة ,
_eauthor
_932441
245 0 0 _aالوسيط في شرح قانون التجارة المصري
250 _a(د،ط)
264 3 1 _aالقاهرة : دار النهضة العربية ، 2010
300 _a683ص
336 _atext
_btxt
_2rdacontent
337 _aunmediated
_bn
_2rdamedia
338 _avolume
_bnc
_2rdacarrier
650 4 _aقانون تجاري -- مصر
_932442
999 _aA13097
_c16665
_d16665